The story of Arturo Toscanini.

Saved in:
Bibliographic Details
Main Author: Ewen, David, 1907-
Other Authors: Toscanini, Arturo, 1867-1957
Format: Book
Language:English
Published: New York, Holt [1951]
Edition:[1st ed.]
Series:Holt musical biography series
Subjects:
LEADER 01046nam a22002771 4500
001 c000003227
003 CARM
005 00000000000000.0
008 850507s1951 nyuc b 00100beng
019 1 |a 2972909  |z 48177766  |z 56489461  |5 LACONCORD2021 
035 |a (OCoLC)766743  |5 LACONCORD2021 
040 |c ICU 
050 0 0 |a ML422.T67  |b E9 
100 1 |a Ewen, David,  |d 1907- 
245 1 4 |a The story of Arturo Toscanini. 
250 |a [1st ed.] 
260 |a New York,  |b Holt  |c [1951] 
300 |a xviii, 142 p.  |b port.  |c 22 cm. 
490 0 |a Holt musical biography series 
504 |a "For further reading on Toscanini": p. 125-126. "A complete list of Toscanini recordings" p. 127-133. 
600 1 0 |a Toscanini, Arturo,  |d 1867-1957  |x Discography. 
700 1 |a Toscanini, Arturo,  |d 1867-1957. 
852 8 |b CARM  |h A2:AE23B0  |i B00213  |p 0012478  |f BK 
082 0 4 |a 927.8 
999 f f |i 88fa9cb0-e097-517c-a91c-4b060ca3a76f  |s 654bb19e-2345-5b6b-962f-e716cbef49a6 
952 f f |p Can circulate  |a CAVAL  |b CAVAL  |c CAVAL  |d CARM 1 Store  |e B00213  |f A2:AE23B0  |h Other scheme  |i book  |m 0012478